000 00496nam a2200193Ia 4500
005 20250326143236.0
008 250326s9999 xx 000 0 und d
037 _aTextbook
040 _aFMSL
_beng
_cFMSL
041 _aeng
_2eng
084 _aX:8D.1 P1
_qFMSL
100 _aRoss S A
245 0 _aCorporate fice
_cRoss S A And Others
250 _a6
260 _aBoston
_bBoston, McGraw Hill
_c2001
300 _a929p
942 _cTB
_hX:8D.1 P1
999 _c1298741
_d1298741